00701cam a2200205 a 4500020002400000020001500024020003800039041000800077082001800085100002600103245005600129250001300185260009000198300002800288500002000316650002300336942000700359952011200366999001700478 a0877731284 (pbk.) : a0877731276 a0394736257 (Random House : pbk) : aENG00a113.0917bNAS1 aNasr, Seyyed Hossein.13aAn introduction to Islamic cosmological doctrines : aRev. ed. aBoulder :bShambhala ;a[New York] :bDistributed in the U.S. by Random House,c1978. axxiii, 318 p. :bill. ; aIncludes index. 0aIslamic cosmology. cBK 00104070aHMIbHMIcGENd2020-01-06eDilip Vasvanil0o113.0917 NASp11004115r2026-01-16w2026-01-16yBK c22808d22808